Accounting principles/ (Record no. 3860)

MARC details
000 -LEADER
fixed length control field 00600nam a22001937a 4500
003 - CONTROL NUMBER IDENTIFIER
control field OSt
005 - DATE AND TIME OF LATEST TRANSACTION
control field 20250729052526.0
008 - FIXED-LENGTH DATA ELEMENTS--GENERAL INFORMATION
fixed length control field 250729b |||||||| |||| 00| 0 eng d
020 ## - INTERNATIONAL STANDARD BOOK NUMBER
International Standard Book Number 9781118959749
040 ## - CATALOGING SOURCE
Original cataloging agency DWCL-Main lib
Transcribing agency OC
082 ## - DEWEY DECIMAL CLASSIFICATION NUMBER
Classification number Circ. 657 W547a 2016
100 ## - MAIN ENTRY--PERSONAL NAME
Personal name Weygandt, Jerry J.
245 ## - TITLE STATEMENT
Title Accounting principles/
Statement of responsibility, etc. Jerry J. Weygandt
250 ## - EDITION STATEMENT
Edition statement 12th edition. Int'l stude
260 ## - PUBLICATION, DISTRIBUTION, ETC.
Place of publication, distribution, etc. Hoboken, NJ :
Name of publisher, distributor, etc. Wiley,
Date of publication, distribution, etc. c2016.
300 ## - PHYSICAL DESCRIPTION
Extent xvii,
Other physical details 934 pages (various pagings) ;
Dimensions 28 cm.
650 ## - SUBJECT ADDED ENTRY--TOPICAL TERM
Topical term or geographic name entry element 1. Accounting.
942 ## - ADDED ENTRY ELEMENTS (KOHA)
Source of classification or shelving scheme Dewey Decimal Classification
Koha item type Book Circulation
Edition 12th edition. Int'l stude
Call number prefix Circ.
Suppress in OPAC No
952 ## - LOCATION AND ITEM INFORMATION (KOHA)
--
952 ## - LOCATION AND ITEM INFORMATION (KOHA)
--
952 ## - LOCATION AND ITEM INFORMATION (KOHA)
--
952 ## - LOCATION AND ITEM INFORMATION (KOHA)
--
952 ## - LOCATION AND ITEM INFORMATION (KOHA)
--
Holdings
Withdrawn status Lost status Source of classification or shelving scheme Damaged status Not for loan Home library Current library Shelving location Date acquired Source of acquisition Total Checkouts Full call number Barcode Date last seen Copy number Price effective from Koha item type Uniform Resource Identifier
    Dewey Decimal Classification     College Library College Library Circulation 07/02/2016 School Fund   Circ. 657 W547a 2016 51369 07/29/2025 c5 07/29/2025 BK-CIRC
    Dewey Decimal Classification     College Library College Library Circulation 07/02/2016 School Fund   Circ. 657 W547a 2016 51368 07/29/2025 c4 07/29/2025 BK-CIRC
    Dewey Decimal Classification     College Library College Library Circulation 07/02/2016 School Fund   Circ. 657 W547a 2016 51367 07/29/2025 c3 07/29/2025 BK-CIRC
    Dewey Decimal Classification     College Library College Library Circulation 07/02/2016 School Fund   Circ. 657 W547a 2016 51366 07/29/2025 c2 07/29/2025 BK-CIRC
    Dewey Decimal Classification     College Library College Library Circulation 07/02/2016 School Fund   Circ. 657 W547a 2016 51365 07/29/2025 c1 07/29/2025 BK-CIRC